Statistics for Mathematical A-Z #1

Click here to take the quiz!

General Stats

  • This quiz has been taken 32 times
  • The average score is 12 of 26

Answer Stats

HintAnswer% Correct
EFather of geometryEuclid
76%
RType of parallelogramRhombus
72%
DHe thinks, therefore he isDescartes
69%
N9 sided polygonNonagon
69%
VIf 18 is the surface area of a cube, 27 would be its...Volume
69%
OWhere y=x and y=-x intersectOrigin
62%
BAncient civilisation who used a base-60 number systemBabylonians
59%
QWritten at the end of a proofQED
59%
ASelf-evident fact that does not need to be provedAxiom
55%
POrthogonalPerpendicular
55%
GHis teacher told him to add all the numbers between 1 and 100, which he did under a minute.Gauss
52%
S1 divided by cosineSecant
48%
CNatural, Integer, Rational, Real, ...Complex
45%
I______ Hotel ParadoxInfinite
45%
LNewton rivalLeibniz
45%
FTo write any function as a sum of trigonometric or exponentialsFourier
41%
KA one-sided 'bottle'Klein
41%
MIf f''(x) > 0, then the turning point point is a...Minimum
41%
HA conic sectionHyperbola
31%
XMathematicians least favourite letter to write, used for 'universal set'Xi
31%
T1, 3, 6, 10, 15, 21, ...Triangular numbers
24%
WWhat was surprising about Monsieur Blanc? He was a ...Woman
21%
JAn upper triangular matrixJordan Normal Form
17%
Y5040 written backwardytrofdnadnasuohtevif
14%
UThe u in suvat (Hint: 2 words, neither begin with u)Initial Velocity
10%
Z'To the eighth power'Zenzizenzizenzic
3%

Score Distribution

Percentile by Number Answered

Percent of People with Each Score

Your Score History

You have not taken this quiz